000 00375pab a2200145 454500
008 180718b1987 xxu||||| |||| 00| 0 eng d
100 _aAzevedo, Sergio De
245 _aHousing policies in Latin America
_bThe muths of self - help consturction
260 _c1987
300 _a895-901
362 _aFall
650 _aHousing - Latin America
773 _aPS
909 _a9950
999 _c9950
_d9950